000 00428nam a2200145 i 4500
001 61756
003 ES-MaACL
007 t|
008 031113s1984 sp ||||1| spa d
100 1 _aFarjas Abadía, Antonio.
_948871
245 1 0 _aGuía del ciudadano /
_c(director) Antonio Farjas Abadía.
260 _aMadrid :
_bMinisterio de la Presidencia,
_c1984.
300 _a688 p. ;
_c24 cm.
852 _aES-MaACL
_jL-6227
_bR.106569
999 _c61756
_d61756